000 00401nam a2200169Ia 4500
005 20250423095150.0
008 250422s9999 xx 000 0 und d
020 _a978-0-07136270-2
100 _aCathey Jimmie J
245 0 _aElectronics Devices and Circuits
260 _aNew York
260 _bMcGraw-Hill
260 _c2002
300 _a310 p
650 _aElectonics Devices
942 _cBK
999 _c29441
_d29441